Kreutzerova sonáta

Bibliographic Details
Main Author: Tolstoj, Lev Nikolajevič, 1828-1910 (Author)
Other Authors: Ruppeldtová, Hana, 1894-1960 (Translator)
Format: Book
Language:Slovak
Russian
PhysicalDescription:157 s. 18 cm
Published: Bratislava Bohumil Buocik 1946
Series:Populárna prekladová literatúra
Subjects:

MARC

LEADER 00000cam a2200000 a 4500
001 vtls008402534
003 SK-MaSNL
005 20260301050900.0
008 250312s1946 xo g 000 fdslo
015 |a SKSNBA19451955-012655 
035 |a SK01SNKBKSFS20020094751 
035 |a urn:nbn:sk:snk-am3hm1c 
035 |a A6B09036-3718-46FC-9703-13E003D7F4B7 
035 |a urn:nbn:sk:snk-am00d549 
035 |a SKM000097214 
040 |a SNK  |b slo  |c SNK  |e AACR2 
041 1 |a slo  |h rus 
044 |a xo  |c SK 
072 7 |a 821.161.1  |x Ruská literatúra  |2 konspekt 
080 |a 821.161.1-32  |2 2001 
100 1 |a Tolstoj, Lev Nikolajevič,  |d 1828-1910  |4 aut  |9 14566 
240 1 0 |a Krejcerova sonata  |l Slovensky 
245 1 0 |a Kreutzerova sonáta  |c L.N. Tolstoj ; preložila Hana Ruppeldtová 
260 |a Bratislava  |b Bohumil Buocik  |c 1946  |e Nové Zámky  |f Kališ 
300 |a 157 s.  |c 18 cm 
490 1 |a Populárna prekladová literatúra  |v sv. 3 
500 |a Biogr. údaje 
655 7 |a ruské novely  |2 SNKPH  |9 70632 
700 1 |a Ruppeldtová, Hana,  |d 1894-1960  |4 trl  |9 40166 
830 0 |a Populárna prekladová literatúra  |9 354599 
852 |a Slovenská národná knižnica 
954 |a beletria cudzojazyčná (svetová)  |2 lita 
958 |a RK 
958 |a OND 
999 |c 602016  |d 603946 
952 |a SNK  |b SNK  |y PREZ  |7 0  |p 17A0592599  |o snkSD 5470/3  |i snk2910/46  |0 0  |1 0  |4 0  |d 2010-01-20  |f 1  |l 0  |r 2025-11-13 00:00:00  |w 2026-02-23 
952 |a SNK  |b SNK  |y PREZ  |7 0  |p 17A0483228  |o snkSD 5470/3 D1  |i snkXI. 849/55  |0 0  |1 0  |4 0  |d 2010-01-20  |l 0  |r 2026-02-23 15:57:45  |w 2026-02-23